|
|
|
|
| LEADER |
01372pam a2200289 a 4500 |
| 001 |
4242499 |
| 003 |
GR-PaULI |
| 005 |
20211007124500.0 |
| 008 |
831024s1984 njua b 001 0 eng |
| 952 |
|
|
|0 0
|1 0
|2 ddc
|4 0
|6 003_830000000000000_GOO
|7 0
|9 126147
|a LISP
|b LISP
|c ALFf
|d 2016-04-24
|i 10
|l 0
|o 003.83 GOO
|p 025000281964
|r 2016-04-24 00:00:00
|t 1
|v 2016.00
|w 2016-04-24
|y BK15
|x Μεταφορά από Τμ. Μηχανικών ΗΥ & Πληροφορικής
|
| 999 |
|
|
|c 82752
|d 82752
|
| 010 |
|
|
|a 83023023
|
| 020 |
|
|
|a 013004069X
|c
|
| 040 |
|
|
|a DLC
|c GR-PaULI
|d
|b gre
|e AACR2
|
| 082 |
0 |
4 |
|a 003.83
|2 23
|
| 100 |
1 |
|
|a Goodwin, Graham C.
|q (Graham Clifford),
|d 1945-
|9 2380
|e συγγραφέας.
|
| 245 |
1 |
0 |
|a Adaptive filtering prediction and control /
|c Graham C. Goodwin and Kwai Sang Sin.
|
| 260 |
|
|
|a Englewood Cliffs, N.J. :
|b Prentice-Hall,
|c c1984.
|
| 300 |
|
|
|a xii, 540 σ. :
|b εικ. ;
|c 25 εκ.
|
| 490 |
1 |
|
|a Prentice-Hall information and system sciences series
|
| 500 |
|
|
|a
|
| 504 |
|
|
|a Περιλαμβάνει βιβλιογραφικές παραπομπές και ευρετήριο.
|
| 650 |
|
4 |
|a Συστήματα διακριτού χρόνου
|9 1387
|
| 700 |
1 |
|
|a Sin, Kwai Sang,
|d 1952-
|9 115726
|e συγγραφέας.
|
| 830 |
|
0 |
|9 186855
|a Prentice Hall information and system sciences series
|
| 942 |
|
|
|2 ddc
|c BK15
|
| 998 |
|
|
|c ΜΠΟΥΡΑΣ
|d 2021-10
|